000
00353nam a2200157Ia 4500
003
OSt
005
20231229100855.0
008
170524s9999 xx 000 0 und d
020
_a
0198062230
040
_c
iimt university meerut
100
_a
KUMAR SATHEESH
100
_c
2010
245
0
_a
CORPORATE GOVERNANCE
260
_a
OXFORD
942
_2
ddc
_c
02
999
_c
2747
_d
2747